书目信息 |
| 题名: |
蛋白质组学导论
|
|
| 作者: | 利布莱尔 著 ;张继仁 译 | |
| 分册: | ||
| 出版信息: | 北京 科学出版社 2005 |
|
| 页数: | 122页 | |
| 开本: | 24cm | |
| 丛书名: | 现代生物技术前沿 | |
| 单 册: | ||
| 中图分类: | Q51 | |
| 科图分类: | ||
| 主题词: | 蛋白质--基因组--研究 , 基因组 , 蛋白质 | |
| 电子资源: | ||
| ISBN: | 7-03-014258-6 | |
| 000 | 01152nam0 2200313 450 | |
| 000 | 01158nam0 2200313 450 | |
| 000 | 01092nam0 2200289 450 | |
| 000 | 01055nam0 2200277 45 | |
| 005 | 20070528133716.98 | |
| 010 | @a7-03-014258-6@dCNY30.00 | |
| 100 | @a20070420d2005 em y0chiy0120 ea | |
| 101 | 1 | @achi@ceng |
| 102 | @aCN@b110000 | |
| 105 | @ay z 000yy | |
| 200 | 1 | @a蛋白质组学导论@ADan Bai Zhi Zu Xue Dao Lun@e生物学的新工具@ESheng Wu Xue De Xin Gong Ju@f(美)D.C.利布莱尔(Daniel C.Liebler)著@F( Mei )D.C. Li Bu Lai Er (Daniel C.Liebler) Zhu@g张继仁译 |
| 210 | @a北京@c科学出版社@d2005 | |
| 215 | @a122页@d24cm | |
| 225 | 2 | @a现代生物技术前沿 |
| 330 | @a本书着重阐述了不同质谱仪及相关数据库检索算法的基本原理和使用方法,详细描述了质谱在蛋白质组学中的应用。 | |
| 410 | 0 | @12001 @a现代生物技术前沿 |
| 517 | 1 | @a生物学的新工具@ASheng Wu Xue De Xin Gong Ju |
| 606 | 0 | @a蛋白质@x基因组@x研究 |
| 606 | 0 | @a基因组 |
| 606 | 0 | @a蛋白质 |
| 690 | @aQ51@v4 | |
| 701 | 1 | @c(美)@a利布莱尔@ALi Bu Lai Er@g(Liebler, Daniel C.)@4著 |
| 702 | 0 | @a张继仁@AZhang Ji Ren@4译 |
| 801 | 0 | @aCN@bTAOJIN@c20070528 |
| 905 | @a10447@dQ51@e131 | |
| 蛋白质组学导论:生物学的新工具/(美)D.C.利布莱尔(Daniel C.Liebler)著/张继仁译 .-北京:科学出版社,2005 |
| 122页;24cm.-(现代生物技术前沿) |
| ISBN 7-03-014258-6:CNY30.00 |
| 本书着重阐述了不同质谱仪及相关数据库检索算法的基本原理和使用方法,详细描述了质谱在蛋白质组学中的应用。 |
| ● |
| 相关链接 |
|
|
|
|
正题名:蛋白质组学导论
索取号:Q51/131
 
预约/预借
| 序号 | 登录号 | 条形码 | 馆藏地/架位号 | 状态 | 备注 |
| 1 | 0523354 | 205233549 | 第二样本阅览室/ [索取号:Q51/131] | 在馆 | |
| 2 | 0523355 | 205233558 | 第三借阅区/ [索取号:Q51/131] | 在馆 | |
| 3 | 0523356 | 205233567 | 第三借阅区/ [索取号:Q51/131] | 在馆 | |
| 4 | 0523357 | 205233576 | 第三借阅区/ [索取号:Q51/131] | 在馆 | |
| 5 | 0523358 | 205233585 | 第三借阅区/ [索取号:Q51/131] | 在馆 | |
| 6 | 0523359 | 205233594 | 第三借阅区/ [索取号:Q51/131] | 在馆 | |
| 7 | 0523360 | 205233601 | 第三借阅区/ [索取号:Q51/131] | 在馆 |